000 00308 a2200157 4500
001 59100
020 _a
040 _cAnchieta - Pituba
100 _aSeferis, Giorgos
240 1 0 _aPoemas
_lpor
245 1 0 _aPoemas
300 _a236
362 0 _a1971
650 4 _aPoesia clássica grega
942 _cBK
999 _c59100
_d59100